| 000 | 00529nam a22002057a 4500 | ||
|---|---|---|---|
| 003 | OPenlibrary | ||
| 005 | 20140310181731.0 | ||
| 008 | 130312t xxu||||| |||| 00| 0 eng d | ||
| 020 | _a0865924422 | ||
| 050 |
_aBF323.C8 _bC68 1989 |
||
| 082 |
_aBF323.C8 _bC68 1989 |
||
| 245 |
_aLearn the value of curiosity _cElizabeth Cote |
||
| 260 |
_aVero Beach, FL _bRourke Enterprises _c1989 |
||
| 300 |
_a32 p. _c26 cm. |
||
| 521 | _agrade 11 | ||
| 526 | _c1070L-1220L | ||
| 541 | _j1 | ||
| 562 | _e1 | ||
| 942 |
_2lcc _cBK _kGS |
||
| 999 |
_c2391 _d2391 |
||